Normal view
MARC view
- Naveed, Mahnoor
Entry Personal Name
001 - CONTROL NUMBER
- control field: 126234
003 - CONTROL NUMBER IDENTIFIER
- control field: NUST
005 - DATE AND TIME OF LATEST TRANSACTION
- control field: 20241003112042.0
008 - FIXED-LENGTH DATA ELEMENTS
- fixed length control field: 241003|| aca||aabn | a|a d
040 ## - CATALOGING SOURCE
- Original cataloging agency: NUST
- Transcribing agency: NUST
100 ## - HEADING--PERSONAL NAME
- Personal name: Naveed, Mahnoor
670 ## - SOURCE DATA FOUND
- Source citation: Work cat.: (NUST): Naveed, Mahnoor, Evaluating Practitioner Perceptions on the Environmental Impacts of Transport Sector Emissions in Pakistan and the Integration of Climate Finance in supporting proposed solutions/
